00415nam a22001337a 4500003000500000005001700005008004100022020001800063050002600081082002500107245007600132260004900208300002400257PILC20150112093433.0130222t xxu||||| |||| 00| 0 eng d a9780521170543 aPE 1128 b.C178 2010 aLnSF LnSFbC328 2010 aCambridge practice tests for IELTS 3 /cVanessa Jakeman, Clare McDowell aCambridgebCambridge University Pressc2010. a172 pages :c24 cm.